000 00214 a2200097 4500
001 45546
100 _aRaza Mehdi
245 _aPakistan today
260 _aLahore
_bProgressive publisher
_c
090 _c28710
_d28710
942 _aNUST-CAE
_cM
_c20792
999 _c280619
_d280619